000 00603cam a2200193 4500500
005 20260405000324.0
041 _afre
042 _adc
100 1 0 _aGazalé, Olivia
_eauthor
245 0 0 _a« Si le criminel a commis un meurtre, il doit mourir » Emmanuel Kant
260 _c2006.
500 _a27
690 _aChâtiments
690 _aCrime
690 _aMeurtre
690 _aPeine
786 0 _nPhilosophie magazine | 4 | 10-11 | 2006-11-01 | p. 19-19 | 1951-1787
856 4 1 _uhttps://shs.cairn.info/magazine-philosophie-magazine-2006-10-11-page-19?lang=fr&redirect-ssocas=7080
999 _c2035926
_d2035927